000 00282nam a22001217a 4500
008 181024b xxu||||| |||| 00| 0 eng d
041 _aeng
080 _a616-053.2
100 _a8
101 _aPED
245 _aHIP Disorders in Infants and Children
_cChung,S.M
942 _2udc
_cBK
999 _c50837
_d50837